000 00443nam a2200181Ia 4500
008 240510s9999 xx 000 0 und d
020 _a0009559348450
041 _asih
082 _a891.483
082 _bH15
100 _aHAMSUN, Knut : PERERA, K.C. : RUPASIRI K.N.
245 0 _aSaru Pasa : Growth of the Soil
260 _bColombo: Sooriya Publishing
260 _c1959
300 _a408 p.
942 _2ddc
942 _cLBK
999 _c28309
_d28309
945 _a1
_bMadushi Gamage
_c1
_dMadushi Gamage